000 00305nam a2200133Ia 4500
008 191201s2007 xx 000 0 und d
100 _aSINGH, Sadhu
245 0 _aStrength of Materials
250 _a9th
260 _c2007
_bKhanna Publisher
_aN.Delhi
300 _a1162
650 _aME
942 _2ddc
_cBB
999 _c7226
_d7226